00411nam a2200145Ia 4500003000400000008004100004040001600045082001600061100002100077245005100098260004900149650002200198650001700220650002800237GCL140319s9999 xx 000 0 eng d aGCL / cGCL04a621.3bW. V1 aWILKINSON, DAVID10aVsing Microstation Review / cWILKINSON, DAVID a[S.N] : bPAN AND BRUCH PUBLISHERS ، c199304aCOMPUTER - ACCESS04aMICROSTATION04aCOMPUTER - AIDED DESIGN